|
|
|
|
| LEADER |
00000nab a2200000 a 4500 |
| 001 |
vtls008834497 |
| 003 |
SK-MaSNL |
| 005 |
20260309145912.0 |
| 008 |
040826 2005 xo 000 0 eng |
| 040 |
|
|
|a SNKORKD
|b slo
|c SNKORKD
|e AACR2
|
| 041 |
|
|
|b freger
|
| 044 |
|
|
|a xo
|c SK
|
| 100 |
1 |
|
|a Adelantado, C.
|4 aut
|9 1634109
|
| 245 |
1 |
0 |
|a Evaluation of the Antifungal Activity of 'Products Used for Disinfecting Documents on Paper in Archives
|
| 520 |
3 |
|
|a SUMMARIES. This study aims at evaluating the antifungal activity of three different products commonly used in Archives to prevent damage to documents by microbiological attack. Two commercial products were tested against a mixture of alcohol and water. From our results we assessed that greater ef¬fectiveness was reached using a solution of water:alcohol in the proportion 30:70. The advisable application method would be, as far as possible, a direct treatment over the substrate.
|
| 520 |
3 |
|
|a CONCLUSION. This study aims at evaluating the antifungal activity of three different products commonly used in Archives to prevent damage to documents by microbiological attack. Two commercial products were tested against a mixture of alcohol and water. From our results we assessed that greater ef¬fectiveness was reached using a solution of water:alcohol in the proportion 30:70. The advisable application method would be, as far as possible, a direct treatment over the substrate.
|
| 700 |
1 |
|
|a Bello, C.
|4 aut
|9 1634110
|
| 700 |
1 |
|
|a Borrell, A.
|4 aut
|9 1634111
|
| 700 |
1 |
|
|a Calvo, M. A.
|4 aut
|9 1634112
|
| 773 |
|
|
|t Restaurator
|d München: K. G. Saur Verlag GmbH, 2005
|g vol. 26, no. 4, p. 235-238
|x ISSN 0034-5806
|
| 856 |
4 |
|
|u http://www.viks.sk/chk/res4_05_235_238.doc
|
| 910 |
|
|
|a schk
|a memoriask
|
| 999 |
|
|
|c 3366539
|d 3368469
|